• 首页
  • 本馆介绍
  • 公告通知
  • 最新文献
  • 馆藏检索
  • 电子资源
  • 读者导购
  • 参考咨询
  • 我的图书馆
  • 登录
  • 详细信息显示
  • 放入我的书架
  • 预约/预借图书
  • 作者相关作品
  • 分类相关作品
  • 丛书相关作品
  • 出版社相关作品

书目信息

  • 表格格式
  • 工作单格式
  • 卡片格式
题名:
机床电气控制与PLC
    
 
作者: 刘芬 , 贾建波 , 张华林 主编
分册:  
出版信息: 北京   国防工业出版社  2009
页数: 176页
开本: 26cm
丛书名:
单 册:
中图分类: TG502.35 , TM571.6
科图分类:
主题词: 机床--电气控制--高等教育--教材 , 可编程序控制器--高等教育--教材 , 机床 , 电气控制 , 可编程序控制器
电子资源:
ISBN: 978-7-118-06353-0
000 01157nam0 2200337 450
001 012015000646
005 20150914103722.30
010    @a978-7-118-06353-0@dCNY22.00
100    @a20091014d2009 em y0chiy50 ea
101 0  @achi
102    @aCN@b110000
105    @aa z 000yy
106    @ar
200 1  @a机床电气控制与PLC@Aji chuang dian qi kong zhi yu PLC@f刘芬,贾建波,张华林主编
210    @a北京@c国防工业出版社@d2009
215    @a176页@c图@d26cm
300    @a高等职业教育“十一五”规划教材·工作过程导向型教材
330    @a本书共设计了4个学习情境,15个子情境,4个附录,理论方面介绍常用的低压电器,基本控制电路分析,3种典型的机床控制线路的分析,PLC的特点,结构及工作原理,调试及排故等。
606 0  @a机床@x电气控制@x高等教育@j教材
606 0  @a可编程序控制器@x高等教育@j教材
606 0  @a机床
606 0  @a电气控制
606 0  @a可编程序控制器
610 0  @aPLC
690    @aTG502.35@v5
690    @aTM571.6@v5
701  0 @a刘芬@Aliu fen@c(电子技术 )@4主编
701  0 @a贾建波@Ajia jian bo@4主编
701  0 @a张华林@Azhang hua lin@f(1979~)@4主编
801  0 @aCN@b碧洲教育@c20150718
905    @a10447@f4@dTG502.35@e45
    
    机床电气控制与PLC/刘芬,贾建波,张华林主编.-北京:国防工业出版社,2009
    176页:图;26cm
    高等职业教育“十一五”规划教材·工作过程导向型教材
    
    ISBN 978-7-118-06353-0:CNY22.00
    本书共设计了4个学习情境,15个子情境,4个附录,理论方面介绍常用的低压电器,基本控制电路分析,3种典型的机床控制线路的分析,PLC的特点,结构及工作原理,调试及排故等。
●
相关链接 在E读中查询图书 在五车中查询图书 在当当中查询图书 在豆瓣中查询图书


正题名:机床电气控制与PLC     索取号:TG502.35/45         预约/预借

序号 登录号 条形码 馆藏地/架位号 状态 备注
1 0848580   208485806   第二样本阅览室/ [索取号:TG502.35/45] 在馆    
2 0848581   208485815   第三借阅区/ [索取号:TG502.35/45] 在馆    
3 0848582   208485824   第三借阅区/ [索取号:TG502.35/45] 在馆    
4 0848583   208485833   第三借阅区/ [索取号:TG502.35/45] 在馆    
唐山师范学院图书馆 欢迎您!
大连网信软件有限公司© 版权所有